<?xml version="1.0" encoding="UTF-8"?>
<record
    xmlns:xsi="http://www.w3.org/2001/XMLSchema-instance"
    xsi:schemaLocation="http://www.loc.gov/MARC21/slim http://www.loc.gov/standards/marcxml/schema/MARC21slim.xsd"
    xmlns="http://www.loc.gov/MARC21/slim">

  <leader>04444nam a2200493 a 4500</leader>
  <controlfield tag="003">CHAP</controlfield>
  <controlfield tag="005">20250128082828.0</controlfield>
  <controlfield tag="007">cr ||||||a|c|a</controlfield>
  <controlfield tag="008">110126s2010    mx      r     00010 spa d</controlfield>
  <datafield tag="035" ind1=" " ind2=" ">
    <subfield code="a">112016</subfield>
  </datafield>
  <datafield tag="040" ind1=" " ind2=" ">
    <subfield code="c">CHAP</subfield>
  </datafield>
  <datafield tag="090" ind1=" " ind2=" ">
    <subfield code="a">Tesis</subfield>
  </datafield>
  <datafield tag="100" ind1="1" ind2=" ">
    <subfield code="a">Ru&#xED;z &#xC1;lvarez, Os&#xED;as.</subfield>
    <subfield code="9">100891</subfield>
  </datafield>
  <datafield tag="245" ind1="1" ind2="0">
    <subfield code="a">Estudio agroclim&#xE1;tico, requerimiento de riego y reducci&#xF3;n del rendimiento de pastos en Tabasco, M&#xE9;xico</subfield>
    <subfield code="c">/por Os&#xED;as Ru&#xED;z &#xC1;lvarez; director de tesis Ram&#xF3;n Arteaga Ram&#xED;rez.</subfield>
  </datafield>
  <datafield tag="264" ind1=" " ind2="1">
    <subfield code="a">Chapingo, M&#xE9;x. :</subfield>
    <subfield code="b">El autor,</subfield>
    <subfield code="c">2010.</subfield>
  </datafield>
  <datafield tag="300" ind1=" " ind2=" ">
    <subfield code="a">1 recurso en l&#xED;nea (113 p&#xE1;ginas):</subfield>
    <subfield code="b">cuadros, figuras.</subfield>
  </datafield>
  <datafield tag="336" ind1=" " ind2=" ">
    <subfield code="2">rdacontent</subfield>
    <subfield code="a">texto</subfield>
    <subfield code="b">txt</subfield>
  </datafield>
  <datafield tag="337" ind1=" " ind2=" ">
    <subfield code="2">rdamedia</subfield>
    <subfield code="a">computadora</subfield>
    <subfield code="b">c</subfield>
  </datafield>
  <datafield tag="338" ind1=" " ind2=" ">
    <subfield code="2">rdacarrier</subfield>
    <subfield code="a">recursos en l&#xED;nea</subfield>
    <subfield code="b">cr</subfield>
  </datafield>
  <datafield tag="502" ind1=" " ind2=" ">
    <subfield code="a">Tesis (M. en Ingenier&#xE1; Agr&#xED;cola y uso Integral del Agua) -- UACH. Departamento de Ingenier&#xED;a Agr&#xED;cola y Departamento de Irrigaci&#xF3;n</subfield>
    <subfield code="b">MIAUIA</subfield>
    <subfield code="c">Mec&#xE1;nica</subfield>
    <subfield code="c">Irrigaci&#xF3;n</subfield>
    <subfield code="d">2010.</subfield>
    <subfield code="g">MAE</subfield>
  </datafield>
  <datafield tag="520" ind1=" " ind2=" ">
    <subfield code="a">La presente investigaci&#xF3;n tuvo como objetivos:
conocer las &#xE9;pocas y regiones en que se presentan
excesos o deficiencias de humedad; y a partir de ello
clasificar el clima de la regi&#xF3;n de acuerdo con la
metodolog&#xED;a de Thornthwaite, determinar el inicio de
la estaci&#xF3;n de crecimiento a diferentes niveles de
probabilidad y la ocurrencia de per&#xED;odos secos; as&#xED;
como conocer los requerimientos de riego de los
pastos y la reducci&#xF3;n del rendimiento de &#xE9;stos
cuando se cultivan en condiciones de secano
(temporal) y riego deficitario (ETC fijada por etapa).
Para la primera parte del estudio se emplearon datos
normales de precipitaci&#xF3;n, temperatura y
evaporaci&#xF3;n de 40 estaciones meteorol&#xF3;gicas;
mientras que para las dos &#xFA;ltimas se utiliz&#xF3;
informaci&#xF3;n diaria de precipitaci&#xF3;n y evaporaci&#xF3;n de
18 estaciones. Se llev&#xF3; a cabo el balance h&#xED;drico
clim&#xE1;tico tipo Thornthwaite-Mather y el c&#xE1;lculo del
&#xED;ndice de humedad. El inicio de la estaci&#xF3;n de
crecimiento al 20, 40, 60 y 80% de probabilidad de
no excedencia se defini&#xF3; con la distribuci&#xF3;n normal a
partir del balance h&#xED;drico diario realizado con el
programa INSTAT, el cual tambi&#xE9;n se emple&#xF3; para
conocer la probabilidad de ocurrencia de per&#xED;odos
secos con duraci&#xF3;n de siete d&#xED;as y definidos a partir
del umbral de 1mm. Con el modelo CROPWAT se
calcularon los requerimientos de riego y la reducci&#xF3;n
del rendimiento de los pastos en condiciones de
secano y riego deficitario para tres escenarios de
lluvia probabil&#xED;stica: 20 (escenario h&#xFA;medo), 50
(escenario normal) y 80% (escenario seco). Los
resultados demuestran que en Tabasco: existen
regiones con excesos todo el a&#xF1;o, d&#xE9;ficit bajo, d&#xE9;ficit
moderado, d&#xE9;ficit alto y cinco tipos de clima; el
inicio de la estaci&#xF3;n de crecimiento se anticipa en el
sur del estado y se retrasa al norte; los
requerimientos de riego m&#xE1;ximos mensuales para los
escenarios h&#xFA;medo, normal y seco, se dan en
Villahermosa durante el mes de abril. De acuerdo
con los promedios estatales de reducci&#xF3;n para los
escenarios normal y seco, la reducci&#xF3;n del
rendimiento es menor en condiciones de riego
deficitario (normal = 2.27% y seco = 3.21%) que en
secano (normal = 5.05 y seco = 14%). Con el
escenario h&#xFA;medo no se presentaron reducciones.
Palabras clave: Balance h&#xED;drico, estaci&#xF3;n de
crecimiento, per&#xED;odo seco, requerimiento de riego,
reducci&#xF3;n del rendimiento, modelo CROPWAT.</subfield>
  </datafield>
  <datafield tag="590" ind1=" " ind2=" ">
    <subfield code="a">ALEPH</subfield>
    <subfield code="b">10</subfield>
    <subfield code="c">20130110</subfield>
  </datafield>
  <datafield tag="590" ind1=" " ind2=" ">
    <subfield code="a">BATCH-UPD</subfield>
    <subfield code="b">10</subfield>
    <subfield code="c">20130110</subfield>
  </datafield>
  <datafield tag="590" ind1=" " ind2=" ">
    <subfield code="a">BATCH-UPD</subfield>
    <subfield code="b">10</subfield>
    <subfield code="c">20130410</subfield>
  </datafield>
  <datafield tag="590" ind1=" " ind2=" ">
    <subfield code="a">BATCH-UPD</subfield>
    <subfield code="b">10</subfield>
    <subfield code="c">20130914</subfield>
  </datafield>
  <datafield tag="590" ind1=" " ind2=" ">
    <subfield code="a">BATCH-UPD</subfield>
    <subfield code="b">10</subfield>
    <subfield code="c">20140324</subfield>
  </datafield>
  <datafield tag="590" ind1=" " ind2=" ">
    <subfield code="a">BATCH-UPD</subfield>
    <subfield code="b">10</subfield>
    <subfield code="c">20141002</subfield>
  </datafield>
  <datafield tag="590" ind1=" " ind2=" ">
    <subfield code="a">CONVERSION</subfield>
    <subfield code="b">10</subfield>
    <subfield code="c">20130109</subfield>
  </datafield>
  <datafield tag="650" ind1="1" ind2="4">
    <subfield code="a">Climatolog&#xED;a.</subfield>
    <subfield code="9">23864</subfield>
  </datafield>
  <datafield tag="650" ind1="1" ind2="4">
    <subfield code="a">Pastos</subfield>
    <subfield code="x">Efecto de la humedad.</subfield>
    <subfield code="9">86020</subfield>
  </datafield>
  <datafield tag="650" ind1="1" ind2="4">
    <subfield code="a">Pastos</subfield>
    <subfield code="x">Irrigaci&#xF3;n.</subfield>
    <subfield code="9">86054</subfield>
  </datafield>
  <datafield tag="650" ind1="1" ind2="4">
    <subfield code="a">Pastos</subfield>
    <subfield code="x">Rendimiento.</subfield>
    <subfield code="9">86076</subfield>
  </datafield>
  <datafield tag="650" ind1="1" ind2="4">
    <subfield code="a">Pastos</subfield>
    <subfield code="x">Tabasco.</subfield>
    <subfield code="9">86081</subfield>
  </datafield>
  <datafield tag="650" ind1="1" ind2="4">
    <subfield code="a">Precipitaci&#xF3;n (Meteorolog&#xED;a)</subfield>
    <subfield code="x">Tabasco.</subfield>
    <subfield code="9">91356</subfield>
  </datafield>
  <datafield tag="650" ind1="1" ind2="4">
    <subfield code="a">Suelos</subfield>
    <subfield code="x">Balance h&#xED;drico.</subfield>
    <subfield code="9">110215</subfield>
  </datafield>
  <datafield tag="700" ind1="1" ind2=" ">
    <subfield code="a">Arteaga Ram&#xED;rez, Ram&#xF3;n</subfield>
    <subfield code="9">7725</subfield>
    <subfield code="e">Director de tesis.</subfield>
  </datafield>
  <datafield tag="856" ind1=" " ind2=" ">
    <subfield code="u">http://10.13.5.2/tesis/112016.pdf</subfield>
    <subfield code="z">DESCARGAR PDF</subfield>
  </datafield>
  <datafield tag="901" ind1=" " ind2=" ">
    <subfield code="a">BK</subfield>
  </datafield>
  <datafield tag="942" ind1=" " ind2=" ">
    <subfield code="c">TD</subfield>
    <subfield code="2">Clasificaci&#xF3;n Universidad Aut&#xF3;noma Chapingo</subfield>
  </datafield>
  <datafield tag="949" ind1=" " ind2=" ">
    <subfield code="a">Tesis</subfield>
    <subfield code="b">BC</subfield>
    <subfield code="c">TES</subfield>
    <subfield code="d">33724002228587</subfield>
    <subfield code="e">TS1</subfield>
    <subfield code="g">Donaci&#xD8;n</subfield>
    <subfield code="h">51818</subfield>
    <subfield code="i">112016</subfield>
    <subfield code="s">b</subfield>
  </datafield>
  <datafield tag="949" ind1=" " ind2=" ">
    <subfield code="a">Tesis</subfield>
    <subfield code="b">BC</subfield>
    <subfield code="c">TES</subfield>
    <subfield code="d">33724002228629</subfield>
    <subfield code="e">TS2</subfield>
    <subfield code="f">c.2</subfield>
    <subfield code="g">Donaci&#xD8;n</subfield>
    <subfield code="h">51819</subfield>
    <subfield code="i">112016</subfield>
    <subfield code="s">b</subfield>
  </datafield>
  <datafield tag="999" ind1=" " ind2=" ">
    <subfield code="c">100357</subfield>
    <subfield code="d">100357</subfield>
  </datafield>
  <datafield tag="952" ind1=" " ind2=" ">
    <subfield code="0">0</subfield>
    <subfield code="1">0</subfield>
    <subfield code="2">local</subfield>
    <subfield code="4">0</subfield>
    <subfield code="5">1</subfield>
    <subfield code="7">0</subfield>
    <subfield code="8">TesDigM</subfield>
    <subfield code="a">BD</subfield>
    <subfield code="b">BD</subfield>
    <subfield code="c">E_L</subfield>
    <subfield code="d">2019-12-31</subfield>
    <subfield code="l">0</subfield>
    <subfield code="o">Tesis digital</subfield>
    <subfield code="r">2019-12-31 00:00:00</subfield>
    <subfield code="w">2019-12-31</subfield>
    <subfield code="y">TD</subfield>
  </datafield>
</record>
